00455nam a22001457a 450000500170000000800410001702000280005804100130008608200130009910000270011224500560013926000570019530000310025265000260028320240118073139.0240118b |||||||| |||| 00| 0 eng d a0409003301 ; 0409003387 aEnglish  a349 JOU  aJoubert, WA lEnglish  aThe Law of South Africa : Companies / cWA Joubert  aDurban : bButterworth and Company (Pty) Ltd, c1982 bvii, 628 pages ; c26 cm.  aLegal practice bLaw